Music Quiz

Random Music or Album Quiz

80s Albums: Odd One Out Quiz Stats

 Plays Quiz Updated Jan 14, 2015

Challenge
Share
Tweet
Score 0/18 Timer 12:00
4 Plays Today
% Correct
Mellon Collie and the Infinite Sadness was released in 1995.
74%
Próxima Estación: Esperanza was released in 2001.
71.2%
Funky Divas was released in 1992.
66%
The Division Bell was released in 1994.
63.4%
Dynasty was released in 1979.
57.9%
OK Computer was released in 1997.
57.7%
Parallel Lines was released in 1978.
55.1%
Ten was released in 1991.
53.6%
Crime of the Century was released in 1974.
53.1%
% Correct
Highway to Hell was released in 1979.
51.7%
Automatic for the People was released in 1992.
51.6%
Enter the Wu-Tang was released in 1993.
51%
I'm Still in Love with You was released in 1972.
49.9%
Blood on the Tracks was released in 1975.
48.7%
The Stranger was released in 1977.
42.3%
Violator was released in 1990.
42.1%
Dream Police was released in 1979.
35.8%
Ragged Glory was released in 1990.
35.5%

You're not logged in!

Compare scores with friends on all Sporcle quizzes.
OR
Log In

You Might Also Like...

Show Comments

Extras

Top Quizzes Today


Score Distribution

Your Account Isn't Verified!

In order to create a playlist on Sporcle, you need to verify the email address you used during registration. Go to your Sporcle Settings to finish the process.

Report this User

Report this user for behavior that violates our Community Guidelines.

Details: